000 00219 a2200097 4500
020 _a978-0714871202
100 _a Jonathan Olivares
245 _aRichard Sapper
250 _aFirst Edition
260 _bPhaidon Press
_c2016
999 _c13215
_d13215